000 00771cam a2200217 4500
001 WB3724-33
008 000000n2001 000 0 eng u
035 _a(Sirsi) u113192
245 _aLandlords warned over mast sharing
260 _c2001
490 _aEstates Gazette
_v(0124) 16 June 2001, 43(1)
520 _aProperty experts warn that emerging deals between mobile phone operators, to share masts, should not signal a fall in rental income for landlords. They suggest that only the most badly written lease should make landlords cut their rent.
590 _aWB
650 _aMOBILE PHONE MASTS
650 _aRENTS
650 _aLANDLORDS
650 _aLEASES
650 _aTELECOMMUNICATIONS
690 _aPROPERTY-LANDLORD AND TENANT
942 _n0
999 _c67408
_d67408